La semiótica : (Registro nro. 25565)
[ vista simple ]
| 000 -LEADER | |
|---|---|
| fixed length control field | 01218cam a2200349 i 4500 |
| 001 - CONTROL NUMBER | |
| control field | 25565 |
| 003 - CONTROL NUMBER IDENTIFIER | |
| control field | Mx-PuUPA |
| 005 - DATE AND TIME OF LATEST TRANSACTION | |
| control field | 20250327094858.0 |
| 008 - FIXED-LENGTH DATA ELEMENTS--GENERAL INFORMATION | |
| fixed length control field | 140415s2004 mx gr 000 0 spa d |
| 020 ## - INTERNATIONAL STANDARD BOOK NUMBER | |
| International Standard Book Number | 9681671899 |
| 040 ## - CATALOGING SOURCE | |
| Original cataloging agency | Mx-PuUPA |
| Language of cataloging | spa |
| Transcribing agency | Mx-PuUPA |
| Modifying agency | Mx-PuUPA |
| Description conventions | rda |
| 041 ## - LANGUAGE CODE | |
| Language code of text/sound track or separate title | spa |
| 100 1# - MAIN ENTRY--PERSONAL NAME | |
| Personal name | Beuchos, Mauricio |
| Relator term | autor |
| 245 13 - TITLE STATEMENT | |
| Title | La semiótica : |
| Remainder of title | teorías del signo y el lenguaje en la historia / |
| Statement of responsibility, etc. | Mauricio Beuchot |
| 250 ## - EDITION STATEMENT | |
| Edition statement | Primera edición |
| 264 #1 - PRODUCTION, PUBLICATION, DISTRIBUTION, MANUFACTURE, AND COPYRIGHT NOTICE | |
| Place of production, publication, distribution, manufacture | México, D.F. : |
| Name of producer, publisher, distributor, manufacturer | Fondo de Cultura Económica, |
| Date of production, publication, distribution, manufacture, or copyright notice | ©2004 |
| 300 ## - PHYSICAL DESCRIPTION | |
| Extent | 207 páginas ; |
| Dimensions | 17 cm |
| 336 ## - CONTENT TYPE | |
| Fuente | rdacontent |
| Content type term | texto |
| Content type code | txt |
| 337 ## - MEDIA TYPE | |
| Source | rdamedia |
| Media type term | computadora |
| Media type code | c |
| 338 ## - CARRIER TYPE | |
| Source | rdacarrier |
| Carrier type term | remoto |
| Carrier type code | cr |
| 347 ## - DIGITAL FILE CHARACTERISTICS | |
| Source | rda |
| File type | archivo de imagen |
| Encoding format | |
| 490 ## - SERIES STATEMENT | |
| Series statement | Colección Brevarios ; |
| Volume/sequential designation | 513 |
| 502 ## - DISSERTATION NOTE | |
| Dissertation note | |
| 650 #7 - SUBJECT ADDED ENTRY--TOPICAL TERM | |
| Topical term or geographic name entry element | |
| Source of heading or term | armarc |
| 9 (RLIN) | 13986 |
| 655 ## - INDEX TERM--GENRE/FORM | |
| Genre/form data or focus term | Libros electrónicos |
| 765 08 - ORIGINAL LANGUAGE ENTRY | |
| Relationship information | Traducción de (obra): |
| 856 ## - ELECTRONIC LOCATION AND ACCESS | |
| Link text | Acceso a través de OvidEspañol |
| 942 ## - ADDED ENTRY ELEMENTS (KOHA) | |
| Source of classification or shelving scheme | Dewey Decimal Classification |
| Koha item type | Libro |
| Classification part | xx |
| Item part | xx |
| Suppress in OPAC | |
| 588 ## - SOURCE OF DESCRIPTION NOTE | |
| Source of description note | Recurso en línea; título de la página de título del PDF (OvidEspañol, consultado el 05 de enero de 2021). |
| Withdrawn status | Lost status | Source of classification or shelving scheme | Damaged status | Not for loan | Collection code | Home library | Current library | Shelving location | Date acquired | Source of acquisition | Total Checkouts | Full call number | Barcode | Date last seen | Date last checked out | Price effective from | Koha item type |
|---|---|---|---|---|---|---|---|---|---|---|---|---|---|---|---|---|---|
| Dewey Decimal Classification | En catalogación | General | Biblioteca Karol Wojtyla | Biblioteca Karol Wojtyla | Procesos técnicos | 03/12/2013 | Donación | xx | 47586 | 11/09/2015 | 11/09/2015 | 03/12/2013 | Libro |